Normal view MARC view

Entry Personal Name

Number of records used in: 1

001 - CONTROL NUMBER

  • control field: 238727

003 - CONTROL NUMBER IDENTIFIER

  • control field: OSt

005 - DATE AND TIME OF LATEST TRANSACTION

  • control field: 20250915170143.0

008 - FIXED-LENGTH DATA ELEMENTS

  • fixed length control field: 250915|| aca||aabn | a|a d

040 ## - CATALOGING SOURCE

  • Original cataloging agency: OSt
  • Transcribing agency: OSt

100 ## - HEADING--PERSONAL NAME

  • Personal name: MANU IDYA.
  • Dates associated with a name: ಮನು ಇಡ್ಯಾ

670 ## - SOURCE DATA FOUND

  • Source citation: Work cat.: (OSt)95648: MANU IDYA. ಮನು ಇಡ್ಯಾ , Tirsanku., 1992